Aktuárska matematika v systéme výučby predmetov Katedry matematiky
Salvato in:
| Autore principale: | |
|---|---|
| Natura: | Capitolo di libro |
| Lingua: | slovacco |
| Soggetti: | |
| Tags: |
Nessun Tag, puoi essere il primo ad aggiungerne!!
|
MARC
| LEADER | 00000nla$a2200000$$$4500 | ||
|---|---|---|---|
| 001 | 0134954 | ||
| 005 | 20240502072520.9 | ||
| 041 | 0 | |a slo | |
| 044 | |a SK | ||
| 245 | 1 | 0 | |a Aktuárska matematika v systéme výučby predmetov Katedry matematiky |c František Peller |
| 500 | |a Abstrakt | ||
| 610 | 2 | 0 | |a ekonómia |
| 610 | 2 | 0 | |a štúdium vysokoškolské |
| 610 | 2 | 0 | |a matematika finančná |
| 610 | 2 | 0 | |a matematika poistná |
| 610 | 2 | 0 | |a predmety učebné |
| 610 | 2 | 0 | |a odbory študijné |
| 610 | 2 | 0 | |a poisťovníctvo |
| 610 | 2 | 0 | |a aktuári |
| 100 | 1 | |a Peller, František | |